[Event "GBR-ch U1750 op 104th"]
[Site "Llandudno"]
[Date "2017.08.01"]
[Round "2"]
[White "Riley, Dave"]
[Black "Chung, Ethan Cheung Jing"]
[Result "1/2-1/2"]
[WhiteElo "1652"]
[BlackElo "1348"]
[PlyCount "100"]
[EventDate "2017.07.31"]
[EventType "swiss"]
[EventRounds "5"]
[EventCountry "WLS"]
[SourceTitle "EXT 2019"]
[Source "ChessBase"]
[SourceDate "2018.10.10"]
[SourceVersion "1"]
[SourceVersionDate "2018.10.10"]
[SourceQuality "1"]

1. e4 e6 2. d4 d5 3. Nd2 dxe4 4. Nxe4 Nd7 5. Nf3 Ngf6 6. Bd3 Nxe4 7. Bxe4 Nf6 8. Bd3 c5 9. dxc5 Bxc5 10. Bg5 Qb6 11. 0-0 Ng4 12. Bb5+ Kf8 13. Qd8+ Qxd8 14. Bxd8 b6 15. Bc6 Bb7 16. Bxb7 Rxd8 17. h3 Nf6 18. Rad1 Rb8 19. Bc6 g6 20. Ne5 Kg7 21. Nd7 Nxd7 22. Rxd7 Rhd8 23. Rfd1 Rxd7 24. Rxd7 a5 25. c3 b5 26. a3 b4 27. cxb4 axb4 28. a4 Rc8 29. Bb7 Rb8 30. a5 Kf8 31. b3 Ke8 32. Rc7 Bd6 33. Rc8+ Kd7 34. Rxb8 Bxb8 35. Kf1 Kd6 36. Ke2 Ba7 37. f4 Kc5 38. Kd3 f6 39. Ke4 Kd6 40. a6 h5 41. Kd3 Kc5 42. Bc8 e5 43. fxe5 fxe5 44. Be6 h4 45. Ke4 Kd6 46. Bf7 g5 47. Kf5 Be3 48. Bc4 Kc6 49. Kxe5 Kb6 50. Kd5 Bf4 1/2-1/2